000 00500nam a2200169 a 4500
001 000035725
005 20200930074549.0
008 111109s1990 ve a 000 0 spa d
040 _aDO-SdBNP
_bspa
_cBNPHU
082 _axxxx
_bF386m
100 1 _aFerrero, Mary
_961657
245 1 3 _aLa mirada de eva /
_cMary Ferrero.
260 _aCaracas :
_bPomaire,
_c1990.
300 _a122 p. :
_bil. ;
_c21 cm.
590 _aPerteneció a la biblioteca personal de Juan Isidro Jimenes Grullón
049 _aBNGR
999 _c35216
_d35216